Happy rabbit (The) / (Record no. 111456)
[ view plain ]
| 000 -LEADER | |
|---|---|
| fixed length control field | 00490nam a2200181 a 4500 |
| 001 - CONTROL NUMBER | |
| control field | 1860 |
| 005 - DATE AND TIME OF LATEST TRANSACTION | |
| control field | 20140414131916.0 |
| 008 - FIXED-LENGTH DATA ELEMENTS--GENERAL INFORMATION | |
| fixed length control field | 010503s19uu xx 00 eng d |
| 020 ## - INTERNATIONAL STANDARD BOOK NUMBER | |
| International Standard Book Number | 0-307-90950-6 |
| 050 ## - LIBRARY OF CONGRESS CALL NUMBER | |
| Classification number | ER |
| Item number | H21 1963 |
| 100 ## - MAIN ENTRY--PERSONAL NAME | |
| Personal name | Barton, Patricia |
| 245 ## - TITLE STATEMENT | |
| Title | Happy rabbit (The) / |
| Statement of responsibility, etc | by Patricia Barton. |
| 260 ## - PUBLICATION, DISTRIBUTION, ETC. (IMPRINT) | |
| Place of publication, distribution, etc | New York : |
| Name of publisher, distributor, etc | Merrigold Press, |
| Date of publication, distribution, etc | 1963. |
| 300 ## - PHYSICAL DESCRIPTION | |
| Extent | 1v. (unp.) : ill. ; cm. |
| 650 ## - SUBJECT ADDED ENTRY--TOPICAL TERM | |
| Topical term or geographic name as entry element | Rabbit-stories. |
| 650 ## - SUBJECT ADDED ENTRY--TOPICAL TERM | |
| Topical term or geographic name as entry element | Children's stories. |
| Withdrawn status | Lost status | Damaged status | Use restrictions | Home library | Current library | Shelving location | Date acquired | Source of acquisition | Cost, normal purchase price | Total Checkouts | Full call number | Barcode | Date last seen | Price effective from | Koha item type |
|---|---|---|---|---|---|---|---|---|---|---|---|---|---|---|---|
| Munich Library | Munich Library | Easy Reading Section | 12/29/2004 | 25.00 | ER H21 1963 | M2189 | 04/14/2014 | 04/14/2014 | Books |